| 000 | 00551nam a22001937a 4500 | ||
|---|---|---|---|
| 003 | OSt | ||
| 005 | 20190204172820.0 | ||
| 008 | 180917b xxu||||| |||| 00| 0 eng d | ||
| 020 | _a020116891X | ||
| 040 | _cBT-PhCST | ||
| 050 | _aD3990 | ||
| 082 |
_222 _a620.0042 _bTAY |
||
| 100 | _aTaylor, Dean L. | ||
| 245 | _aComputer aided design / | ||
| 260 |
_aReading, Massachusetts : _bAddison-Wesley Publishing Company, _cc1992. |
||
| 300 |
_axviii, 492 p. : _bill. ; _c24 cm. |
||
| 500 | _aIncludes bibliographical references and index. | ||
| 942 |
_2ddc _cEE |
||
| 999 |
_c6917 _d6917 |
||